000 00994nam a22002657a 4500
999 _c63429
_d63429
005 20240530110640.0
008 171015s2016 ua g b 000 0 ara d
017 _a2015/14860
_bمصر. دار الكتب
020 _a9789777352457
040 _aEG-CaGPL
_cEG-CaGPL
082 0 4 _221
_a306.87 /
_bم أ
100 0 _aمنال رفعت
245 1 2 _aالاسرة بين النظام الاجتماعى والعنف فى الدول العربية /
_cمنال رفعت
250 _aط. 1
260 _aالاسكندرية :
_bدار الوفاء لدنيا الطباعة و النشر ،
_c2016
300 _a507 ص. ؛
_c24 سم.
490 0 _aدراسات اسلامية
504 _aيشتمل على ارجاعات ببليوجرافية
650 0 7 _2qrmak
_aالاسرة
650 0 7 _2qrmak
_aالعلاقات الاسرية
650 0 7 _2qrmak
_aعلم النفس الاجتماعى
651 _2qrmak
942 _2ddc
_cBK